000 00582nam a2200193Ia 4500
003 LDD
008 181029s9999 xx 000 0 und d
020 _a1852339152
_cE89.95
040 _cLDD
100 _aSamuel, Andrew
245 0 _aMake and test projects in engineering design
_bCreativity, Engagement and Learni
_cAndrew Samuel
260 _aLondon
_bSpringer
_c2006
300 _axxv, 277p.
365 _bE 89.95
901 _a3770
_b01-02-2007
902 _a9409
_b06-06-2007
_cF
_dOP
_e62
903 _aDiscount-10
_bReqst by : Ashish Aggarwal
942 _2ddc
_cBK
999 _c79021
_d79021